| 000 | 00525 a2200157 4500 | ||
|---|---|---|---|
| 999 |
_c10525 _d10525 |
||
| 020 | _a9781781577301 | ||
| 050 | _aTR267 FRE 2019 | ||
| 100 |
_aFreeman, Michael _eauthor |
||
| 245 |
_aThe photographer's eye : _bcomposition and design for better digital photos / _cMichael Freeman |
||
| 264 |
_aLondon : _bIlex Press, _c2019 |
||
| 300 | _a189 pages : color illustrations ; 26 cm | ||
| 500 | _aincludes index | ||
| 650 | _aComposition (Photography) | ||
| 650 | _aComposition (Photographie) | ||
| 942 |
_2lcc _cBK _h267 _iFRE _kTR |
||